Το φύλο ως παράγοντας κοινωνικοποίησης για τα άτομα με ελαφρά νοητική υστέρηση : διπλωματική εργασία [μεταπτυχιακή εργασία]
Saved in:
| Main Author: | |
|---|---|
| Corporate Author: | |
| Other Authors: | |
| Format: | Thesis Book |
| Language: | Greek |
| Published: |
2010
|
| Subjects: | |
| Online Access: | http://hdl.handle.net/11610/13890 |
| Tags: |
Add Tag
No Tags, Be the first to tag this record!
|
MARC
| LEADER | 00000cam a2200000 i 4500 | ||
|---|---|---|---|
| 001 | 1/14728 | ||
| 008 | 110825s2010 gre d | ||
| 035 | |l 10110693 | ||
| 040 | |a GR-MY-UA |b gre |e aacr | ||
| 041 | 0 | |a gre | |
| 082 | 0 | |a 362.4 |2 (22) | |
| 100 | 1 | |a Χαραλάμπους, Μιχαηλίτσα. | |
| 245 | 1 | 3 | |a Το φύλο ως παράγοντας κοινωνικοποίησης για τα άτομα με ελαφρά νοητική υστέρηση : |b διπλωματική εργασία [μεταπτυχιακή εργασία] / |c Μιχαηλίτσα Χαραλάμπους ; επιβλέπων: Μάριος Βρυωνίδης |
| 260 | |c 2010 | ||
| 300 | |a 151 σ.; |c 30 εκ. | ||
| 502 | |a Διατριβή (μεταπτυχιακή) – Πανεπιστήμιο Αιγαίου, Ρόδος, 2010. | ||
| 504 | |a Βιβλιογραφία: 113-119 | ||
| 650 | 0 | 0 | |a People with disabilities. |
| 650 | 0 | 0 | |a Gender identity. |
| 650 | 0 | 0 | |a Socialization. |
| 650 | 0 | 0 | |a Dissertations, Academic |z Greece. |
| 700 | 1 | |a Βρυωνίδης, Μάριος. |4 ths | |
| 710 | 1 | |a Πανεπιστήμιο Αιγαίου |b Σχολή Ανθρωπιστικών Επιστημών |b Τμήμα Επιστημών της Προσχολικής Αγωγής και του Εκπαιδευτικού Σχεδιασμού |b Πρόγραμμα Μεταπτυχιακών Σπουδών Φύλο και Νέα Εκπαιδευτικά και Εργασιακά Περιβάλλοντα στην Κοινωνία της Πληροφορίας. | |
| 852 | |a INST |b RHODES |c DIATR |e 20110825 |h 362.4 ΧΑΡ |p 005400033156 |q 005400033156 |t MTXE |y 23 | ||
| 852 | |a INST |b RHODES |c DIATR |e 20110825 |h 362.4 ΧΑΡ |p 005400033595 |q 005400033595 |t MTXE |y 23 | ||
| 856 | |u http://hdl.handle.net/11610/13890 | ||
| 901 | |a BIBL4-2011-2 | ||
| 909 | |a Ρ |b 163946 | ||
| 909 | |a Ρ |b 163947 | ||
| 924 | |a ΧΑΡΑΛΑΜΠΟΥΣ |b ΜΙΧΑΗΛΙΤΣΑ |y ΡΟΔΟΣ |z 2011-08 | ||
| 970 | |z 2010/05/ | ||